000 01379nam0a22003251 4500
001 v19\rc\1800953
005 20260405154829.0
035 _a(NLR Aleph) 005253097
090 _a5824455
_c5824455
100 _a20071130d1907 |||y0rusy50 ca
101 0 _arus
102 _aRU
105 _ac z |||a|
200 1 _aОдноактные пьесы и монологи
_fИзабелла Гриневская
205 _a2-е доп. изд. с предисл. и портр. авт.
210 _aСанкт-Петербург
_cтип. И.Г. Брауде и К°
_d1907
215 _aXIV, [2], 272, [1] с., 1 л. портр.
_d21
300 _aЗагл. обл.: Сборник пьес и монологов. (12 одноактных пьес и 5 монологов)
517 0 _aСборник пьес и монологов
_e(12 одноактных пьес и 5 монологов)
532 1 3 _aОдноактные пьесы и монологи
700 1 _8rus
_7ca
_aГриневская
_bИ. А.
_f1864-1942
_gИзабелла Аркадьевна
_3RU\NLR\AUTH\7765721
_948650
801 2 _aRU
_bNLR
_c20090209
_2rusmarc
801 0 _aRU
_bNLR
_c20071130
_gpsbo
801 0 _aRU
_bRuMoRGB
_c20071130
_2psbo
801 1 _aRU
_bProSoft-M
_c20071130
_2rusmarc
852 _aNLR
_j37.1.5.41
852 _aNLR
_j133/3391
942 _cBOOK
980 _aNB